| 000 | 00736nam a2200241Ia 4500 | ||
|---|---|---|---|
| 001 | 1401 | ||
| 003 | GE_BSU | ||
| 008 | 181216s||||||||xx |||||||||||||| ||und|| | ||
| 040 | _cGE_BSU | ||
| 080 | _a541.1 | ||
| 100 | _aЭткинс,П. Паула, Дж. | ||
| 245 | _aФизическая химия | ||
| 245 | _bРавновесная термодинамика. | ||
| 245 | _cПер. с англ. И.А.Успенской. Под ред.В.В. Лунина О.М.Полторака | ||
| 260 | _aМосква | ||
| 260 | _bМир | ||
| 260 | _c2007 | ||
| 300 | _a494стр. | ||
| 541 | _h150л. | ||
| 653 | _aРавновесная термодинамика | ||
| 653 | _aФизическая химия | ||
| 942 | _cBK | ||
| 999 |
_c35540 _d35540 |
||